000 00661cam a22002411 4500
001 6112117
003 OSt
005 20250901165802.0
008 731004s1964 xx 000 0 eng
010 _a 64015838
035 _a(OCoLC)709394
040 _aDLC
_cOKentU
_dDLC
042 _apremarc
050 0 0 _aPN 5123 .F67 A3 1964
_bA3
100 1 _aFrischauer, Willi,
_d1906-
245 1 0 _aEuropean commuter.
260 _aNew York,
_bMacmillan
_c[1964]
300 _a311 p.
_c22 cm.
500 _aAutobiographical.
650 0 _aJournalists
_xCorrespondence, reminiscences, etc.
906 _a7
_bcbc
_coclcrpl
_du
_encip
_f19
_gy-gencatlg
942 _2lcc
_cBK
999 _c9220
_d9220